| Tag |
First Indicator |
Second Indicator |
Subfields |
| LEADER |
00000cam a22000004a 4500 |
| 001 |
in00002489310 |
| 005 |
20151110043010.0 |
| 008 |
080630s2008 nz a b s001 0 eng |
| 010 |
|
|
|a 2008411557
|
| 020 |
|
|
|a 9781869404079
|
| 020 |
|
|
|a 1869404076
|
| 029 |
1 |
|
|a NZ1
|b 11637312
|
| 029 |
1 |
|
|a AU@
|b 000042805850
|
| 035 |
|
|
|a (OCoLC)ocn182735171
|
| 035 |
|
|
|a (OCoLC)182735171
|
| 040 |
|
|
|a DLC
|c DLC
|d BTCTA
|d BAKER
|d YDXCP
|d BWX
|d IXA
|d AU@
|d UtOrBLW
|
| 043 |
|
|
|a u-nz---
|
| 049 |
|
|
|a TXAM
|
| 050 |
0 |
0 |
|a D639.P39
|b C35 2008
|
| 082 |
0 |
4 |
|a 779.99404
|2 22
|
| 100 |
1 |
|
|a Callister, Sandy.
|
| 245 |
1 |
4 |
|a The face of war :
|b New Zealand's Great War photography /
|c Sandy Callister.
|
| 264 |
|
1 |
|a Auckland, N.Z. :
|b Auckland University Press,
|c 2008.
|
| 300 |
|
|
|a vii, 150 pages :
|b illustrations ;
|c 23 cm.
|
| 336 |
|
|
|a text
|b txt
|2 rdacontent
|
| 337 |
|
|
|a unmediated
|b n
|2 rdamedia
|
| 338 |
|
|
|a volume
|b nc
|2 rdacarrier
|
| 504 |
|
|
|a Includes bibliographical references (pages 126-144) and index.
|
| 650 |
|
0 |
|a War photography
|z New Zealand.
|
| 650 |
|
0 |
|a World War, 1914-1918
|x Photography.
|
| 650 |
|
0 |
|a World War, 1914-1918
|z New Zealand
|v Pictorial works.
|
| 650 |
|
0 |
|a World War, 1914-1918
|z New Zealand
|v Personal narratives.
|
| 856 |
4 |
2 |
|3 Contributor biographical information
|u http://www.loc.gov/catdir/enhancements/fy0835/2008411557-b.html
|t 0
|
| 856 |
4 |
2 |
|3 Publisher description
|u http://www.loc.gov/catdir/enhancements/fy0835/2008411557-d.html
|t 0
|
| 938 |
|
|
|a Baker and Taylor
|b BTCP
|n BK0007538698
|
| 938 |
|
|
|a Baker & Taylor
|b BKTY
|c 35.00
|d 35.00
|i 1869404076
|n 0007538698
|s active
|
| 938 |
|
|
|a YBP Library Services
|b YANK
|n 2786756
|
| 938 |
|
|
|a Blackwell Book Service
|b BBUS
|n R9738025
|c $35.00
|
| 945 |
|
|
|a PromptCat
|b 607951
|
| 946 |
|
|
|a stk
|
| 947 |
|
|
|a A14837434059
|
| 994 |
|
|
|a 92
|b TXA
|
| 948 |
|
|
|a cataloged
|b h
|d 2009/1/28
|h c
|e asalazar
|f 12:32:47 pm
|
| 999 |
|
|
|a MARS
|
| 999 |
f |
f |
|s 9985e7e8-477b-3fd5-b0a8-b5e458a5e7f7
|i 7632bbe3-682c-3ecb-a087-2828076669f4
|t 0
|
| 952 |
f |
f |
|p ric
|a Texas A&M University
|b Rellis Campus
|c Joint Library Facility
|d Remote Storage
|t 0
|e D639.P39 C35 2008
|h Library of Congress classification
|i unmediated -- volume
|m A14837434059
|
| 998 |
f |
f |
|a D639.P39 C35 2008
|t 0
|l Remote Storage
|